Places in East Yorkshire - sudden death - Statistics

General Stats
  • This quiz has been taken 29 times
  • The average score is 14 of 24
Answers on the Grid
Answers color-coded by a green-red scale on the quiz's grid according to % correct below.
Hull
Glasgow
Portsmouth
Derry
Buckingham Palace
River Humber
North Sea coast
Beverley
Canterbury
Stamford Bridge battlefield
Ben Nevis
Great Yarmouth
Hessle
Goole
Land's End
Bridlington
Philip Larkin's home
Chichester
Humber Bridge
Christchurch
Gypsey Race
Edgbaston
Elloughton-cum-Brough
Kirk Ella
Cottingham
Yorkshire Wolds
Channel Tunnel
Dundonald
Market Weighton
Pocklington
River Ouse
Chadwell Heath
Humberside Airport
Theydon Bois
Newton's birthplace
RSPB Bempton Cliffs
A 1,000-foot hill
East Cowick
Strabane
Sandwich
Wetwang
Imperial College
Withernsea
Thorngumbald
Tesco head office
St Mary's Stadium
A border with South Yorkshire
Tyseley
 
Answer Stats
Answer % Correct
Hull
89%
North Sea coast
89%
River Humber
89%
Goole
84%
Humber Bridge
84%
Beverley
79%
Bridlington
79%
Hessle
74%
Stamford Bridge battlefield
63%
Yorkshire Wolds
63%
Pocklington
58%
River Ouse
58%
RSPB Bempton Cliffs
58%
Withernsea
58%
Cottingham
53%
Wetwang
53%
A border with South Yorkshire
47%
Elloughton-cum-Brough
47%
Market Weighton
47%
Kirk Ella
42%
Philip Larkin's home
42%
East Cowick
32%
Thorngumbald
26%
River Gypsey Race
21%
No matching quizzes found
Score Distribution
Percent of People with Each Score
Percentile by Number Answered
Your Score History
You have not taken this quiz